The Future of Medicines in Health Care : (Record no. 617556)

MARC details
000 -LEADER
fixed length control field 00562nam a2200193 a 4500
008 - FIXED-LENGTH DATA ELEMENTS--GENERAL INFORMATION
fixed length control field 260311s1995##################000#0#eng##
020 ## - INTERNATIONAL STANDARD BOOK NUMBER
ISBN 9780792336242
082 04 - DEWEY DECIMAL CLASSIFICATION NUMBER
Classification number 362.17820949
Item number STE
100 1# - MAIN ENTRY--AUTHOR NAME
Personal name Scenarios, Steering Committee on Future Health,
245 10 - TITLE STATEMENT
Title The Future of Medicines in Health Care :
260 ## - PUBLICATION, DISTRIBUTION, ETC. (IMPRINT)
Name of publisher Springer Science & Business Media,
Year of publication 1995.
300 ## - PHYSICAL DESCRIPTION
Number of Pages 320 pages
650 #0 - SUBJECT ADDED ENTRY--TOPICAL TERM
Topical Term Medical.
942 ## - ADDED ENTRY ELEMENTS (KOHA)
Koha item type English Books
Holdings
Withdrawn status Lost status Damaged status Not for loan Home library Current library Shelving location Date acquired Full call number Accession Number Price effective from Koha item type
        Anna Centenary Library Anna Centenary Library 4TH FLOOR, A WING 11.03.2026 362.17820949 STE 318215 11.03.2026 English Books

Find us on the map